Țările care încep cu litera S - Statistics

General Stats
  • This quiz has been taken 3 times
  • The average score is 8 of 22
Answer Stats
Ţară % Correct
Surinam
100%
Somalia
67%
Spania
67%
Sudan
67%
Sudanul de Sud
67%
Suedia
67%
São Tomé și Príncipe
33%
Senegal
33%
Serbia
33%
Sfânta Lucia
33%
Sfântul Vicențiu și Grenadine
33%
Singapore
33%
Slovacia
33%
Slovenia
33%
Sri Lanka
33%
Statele Unite
33%
San Marino
0%
Seychelles
0%
Sfântul Cristofor și Nevis
0%
Sierra Leone
0%
Siria
0%
Statele Federate ale Microneziei
0%
No matching quizzes found
Score Distribution
Percent of People with Each Score
Percentile by Number Answered
Your Score History
You have not taken this quiz